Women in politics : (Record no. 1748)

MARC details
000 -LEADER
fixed length control field 01151cam a2200325 a 4500
001 - CONTROL NUMBER
control field 11810595
003 - CONTROL NUMBER IDENTIFIER
control field OSt
005 - DATE AND TIME OF LATEST TRANSACTION
control field 20230620135820.0
008 - FIXED-LENGTH DATA ELEMENTS--GENERAL INFORMATION
fixed length control field 990917s1999 sz b 000 0 eng d
010 ## - LIBRARY OF CONGRESS CONTROL NUMBER
LC control number 99515255
020 ## - INTERNATIONAL STANDARD BOOK NUMBER
International Standard Book Number 9291420204
035 ## - SYSTEM CONTROL NUMBER
System control number (OCoLC)ocm42388080
040 ## - CATALOGING SOURCE
Original cataloging agency GUB
Transcribing agency GUB
Modifying agency DLC
041 0# - LANGUAGE CODE
Language code of text/sound track or separate title engfre
042 ## - AUTHENTICATION CODE
Authentication code lccopycat
082 ## - DEWEY DECIMAL CLASSIFICATION NUMBER
Classification number 323.24
245 00 - TITLE STATEMENT
Title Women in politics :
Remainder of title world bibliography = Femmes en politique : bibliographie mondiale.
246 31 - VARYING FORM OF TITLE
Title proper/short title Femmes en politique : bibliographie mondiale.
260 ## - PUBLICATION, DISTRIBUTION, ETC. (IMPRINT)
Place of publication, distribution, etc. Geneva :
Name of publisher, distributor, etc. Inter-Parliamentary Union,
Date of publication, distribution, etc. 1999.
300 ## - PHYSICAL DESCRIPTION
Extent iii, 418 p. ;
Dimensions 32 cm.
490 1# - SERIES STATEMENT
Series statement Series "Reports and documents" ;
Volume/sequential designation no. 32 =
Series statement Série "Rapports et documents ;
Volume/sequential designation no 32
500 ## - GENERAL NOTE
General note "January 1999."--Cover, p. 3.
546 ## - LANGUAGE NOTE
Language note English and French.
650 #0 - SUBJECT ADDED ENTRY--TOPICAL TERM
Topical term or geographic name as entry element Women
General subdivision Political activity
Form subdivision Bibliography.
710 2# - ADDED ENTRY--CORPORATE NAME
Corporate name or jurisdiction name as entry element Inter-parliamentary Union.
830 #0 - SERIES ADDED ENTRY--UNIFORM TITLE
Uniform title Series "Reports and documents" ;
Volume number/sequential designation no. 32.
906 ## - LOCAL DATA ELEMENT F, LDF (RLIN)
a 7
b cbc
c copycat
d 3
e ncip
f 19
g y-gencatlg
942 ## - ADDED ENTRY ELEMENTS (KOHA)
Source of classification or shelving scheme Dewey Decimal Classification
Koha item type Books
Holdings
Withdrawn status Lost status Source of classification or shelving scheme Damaged status Not for loan Home library Current library Date acquired Total Checkouts Full call number Barcode Date last seen Price effective from Koha item type
    Dewey Decimal Classification     County Hall Archives County Hall Archives 06/20/2023   323.24 10013953 06/20/2023 06/20/2023 Books
LIBRARY OPENING HOURS

When the Parliament is sitting: 8.00a.m - 7.00p.m or until the house adjourns
Mondays and Fridays and when the House is on Recess:  8.00a.m - 5.00p.m
Closed on Weekends and Public Holidays

Online Public Access Catalog (OPAC)
Website: http://www.parliament.go.ke
Bunge Library: https://libraryir.parliament.go.ke
Contact: library@parliament.go.ke | Tel no: (254-2)2221291 or 2848000 Ext 5043